LEADER 01180nam a2200253 i 4500 001 000000072531 003 CaOOAMICUS 005 20090330000000.0 008 090330s1969 it u000 u ita u 013 $a43703 040 $aSeMil$bita 100 1 $aSadler, John Edward.$0(OLS)http://semarc/name/35928 240 10$aJ. A. Comenius and the concept of universal education.$0(OLS)http://semarc/title/116974 245 10$aComenio e il concetto di educazione universale /$cJohn Edward Sadler ; [trad. di Antonio Carbonaro]. 260 $a[Firenze] :$bLa Nuova Italia,$c1969. 300 $aX, 365 p. ;$c21 cm. 490 0 $aEducatori antichi e moderni ;$v239 650 4$aKomensky, Jan Amos - Pensiero pedagogico.$0(OLS)http://semarc/subject/14643 700 1 $aCarbonaro, Antonio.$0(OLS)http://semarc/name/35929 830 0$aEducatori antichi e moderni ;$v239.$0(OLS)http://semarc/title/7224 850 $aSeMil 852 $aSeMil$W1$xVenegono$y1$m2Q I 382$j38684$B38684$CSeMilBibl$Z2$F38687 $81 996 $6245$aComenio e il concetto di educazione universale$9(OLS)http://semarc/title/116973 996 $6260$a[Firenze] :$bLa Nuova Italia$9(OLS)http://semarc/publisher/43035 LEADER 01125nam a2200289 i 4500 001 000000083081 003 CaOOAMICUS 005 20180510000000.0 008 180510s1996 it u000 u ita u 013 $a55321 040 $aSeMil$bita 245 10$aPane e vino /$cFotografie Pepi Merisio ; Presentazione e testi Enzo Fabiani. 260 $aRoma :$bECRA,$c1996. 300 $a231 p. :$bill. ;$c31 cm. 490 0 $aItalia della nostra gente 500 $aDono del Card. Dionigi Tettamanzi. 650 4$aVino.$0(OLS)http://semarc/subject/37536 650 4$aPane.$0(OLS)http://semarc/subject/37603 700 1 $aFabiani, Enzo,$d<1924-2013>.$0(OLS)http://semarc/name/18788 700 1 $aMerisio, Pepi,$d<1931- >.$0(OLS)http://semarc/name/5797 830 0$aItalia della nostra gente.$0(OLS)http://semarc/title/15105 850 $aSeMil 852 $aSeMil$W1$xVenegono$y1$m3XB VI 1$j47782$B47782$CSeMilBibl$Z2$F50680 $81 941 1 $a5 961 $aOmaggio: Tettamanzi Card. Dionigi 996 $6245$aPane e vino$9(OLS)http://semarc/title/405397 996 $6260$aRoma :$bECRA$9(OLS)http://semarc/publisher/33150